000 00980nac a22003137a 4500
001 BR8302914
003 BR-BrBNA
005 20240105115737.0
008 230509b bl.|||m| |||| 00| 0 por d
040 _aBR-BrBNA
_bpor
_cBiblioteca Nacional de Agricultura
072 _aF00; E15
090 _a0430 BR8302914
110 1 _aOrganizacao das Cooperativas Brasileiras, Brasilia, DF
_97707
245 1 _aCusto de producao. Algodao, arroz, feijao, milho, soja. Regiao Centro-Sul, safra 83/84 [Brasil]
260 3 _aBrasilia, DF (Brasil):
_c1983.
300 _a80 p.
490 _aCadernos Economicos - Organizacao das Cooperativas Brasileiras (Brazil)
_vno. 8
_x
650 _aPRODUCAO VEGETAL
650 _aALGODAO
650 _aARROZ
650 _aFEIJAO
650 _aMILHO
650 _aSOJA
650 _aCUSTO DE PRODUCAO
650 _aMAO-DE-OBRA
650 _aREGIAO CENTRO-SUL
909 _a202312
_bLúcia Elande
_c55
_dLúcia Elande
942 _2AGRIS
_n0
_cMS
999 _c276195
_d276195